[Event "Ariana Ramadan op U2200"]
[Site "Ariana"]
[Date "2018.05.29"]
[Round "3"]
[White "Bamri, Salim"]
[Black "Maalmi, Khalil"]
[Result "1/2-1/2"]
[WhiteElo "1427"]
[BlackElo "1866"]
[PlyCount "32"]
[EventDate "2018.05.27"]
[EventType "swiss"]
[EventRounds "9"]
[EventCountry "TUN"]
[SourceTitle "EXT 2019"]
[Source "ChessBase"]
[SourceDate "2018.10.10"]
[SourceVersion "1"]
[SourceVersionDate "2018.10.10"]
[SourceQuality "1"]

1. e4 e5 2. Nf3 Nc6 3. Bc4 Bc5 4. c3 Nf6 5. d4 exd4 6. e5 d5 7. Bb5 Ne4 8. cxd4 Bb4+ 9. Bd2 Bxd2+ 10. Nbxd2 0-0 11. 0-0 Nxd2 12. Qxd2 f6 13. Bxc6 bxc6 14. Rac1 Bd7 15. exf6 Qxf6 16. Ne5 Qd6 1/2-1/2